000
00284nam a2200121Ia 4500
008
190216s9999||||xx |||||||||||||| ||und||
100
_a
Thanulingom
245
0
_a
Research Methodology
260
_b
Himalaya Publishing House
_c
2001
300
_a
154p
650
_a
Commerce
942
_c
BK
999
_c
6798
_d
6798